000 01228nam a22002657a 4500
005 20170124103036.0
010 _aA-588678
020 _c100.00
_a8172011497
035 _aA-588678
037 _bCen Lib/Ret
040 _aDPL
_bHN
082 _a
_bमित्रग
100 _aमित्र, गजेन्द्र कुमार
_945280
245 _aकलकत्ते के पास ही /
_cगजेन्द्र कुमार मित्र ; अनुवादक मनमोहन दास
246 _aKalkatte ki pas hi /
_bby Gajendra Kumar Mitr ; anuvadak Manmohan Das
260 _aनयी दिल्ली
_bसाहित्य अकेडमी
_c1992
270 _bनयी दिल्ली
_aरवींद्र भवन,35, फिरोजशाह मार्ग
_e110001
300 _a336पृ.
_c19सेमी (सजिल्द)
650 _aबांग्ला साहित्य
_965409
650 _aबांग्ला उपन्यास
_965410
650 _aBangla literature
_965411
650 _aBangla fiction
_956120
700 _aदास, मनमोहन
_965412
942 _2ddc
_cHN
_h
_mमित्रग
999 _c116223
_d116223